banner-ar

مستقبل المشروعات الصغيرة فى مصر / (Record no. 61118)

MARC details
000 -الفاتح
حقل البيانات ثابتة الطول 00917nam a22002297a 4500
005 - وقت وتاريخ اخر تعامل مع التسجيلة
رقم الضبط 20240530110444.0
008 - عناصر البيانات ثابتة الطول - معلومات عامة
حقل البيانات ثابتة الطول 150427s2007 ua f 000 0 ara d
017 ## - رقم الايداع القانونى
رقم الايداع القانونى 2007/26502
المصدر ( الهيئة المختصة) مصر . دار الكتب المصرية
020 ## - الرقم الدولى المعيارى للكتب
الرقم الدولى المعيارى للكتاب 9789774201640
040 ## - مصدر الفهرسة
وكالة الفهرسة الأصلية EG-CaGPL
082 04 - رقم تصنيف ديوى العشرى
رقم الطبعة 21
رقم التصنيف 338.642
رقم المادة ق/ح م
100 0# - المدخل الرئيسى - إسم شخصى
الإسم الشخصى حسين عبدالمطلب الاسرج
245 10 - بيان العنوان
العنوان مستقبل المشروعات الصغيرة فى مصر /
بيان المسئوليه,etc اعداد حسين عبدالمطلب الاسرج .
250 ## - بيان الطبعة
بيان الطبعة ط1.
260 ## - PUBLICATION, DISTRIBUTION, ETC. (IMPRINT)
تاريخ النشر أو التوزيع 2007
300 ## - الوصف المادى
التعداد 139 ص ؛
أبعاد الوعاء 20 سم.
650 0# - المدخل الاضافى بالموضوع-مصطلح موضوعى
مصطلح موضوعي المشروعات الصغيرة .
650 0# - المدخل الاضافى بالموضوع-مصطلح موضوعى
مصطلح موضوعي المشروعات الصغيرة
التقسيم الفرعي العام قوانين وتشريعات.
650 0# - المدخل الاضافى بالموضوع-مصطلح موضوعى
مصطلح موضوعي المشروعات الصغيرة
التقسيم الفرعي الجغرافي مصر.
942 ## - عناصر المدخل الإضافي( كوها)
مصدر التصنيف او مخطط الترفيف Dewey Decimal Classification
Koha [default] item type كتاب
260 ## - PUBLICATION, DISTRIBUTION, ETC. (IMPRINT)
-- القاهرة :
-- الهيئة المصرية العامة للكتاب ،
Holdings
حالة التراجع حالة الفقد حالة تلف ليس للاعارة المكان المؤقت الموقع الحالى تاريخ الاكتساب اجمالي اﻻعارات رقم الطلب الباركود تاريخ اخر مشاهدة تاريخ تفعيل السعر نوع وعاء كوها
        مكتبة القاهرة الكبرى مكتبة القاهرة الكبرى 04/27/2015   338.642 ق/ح م 160342 04/27/2015 04/27/2015 كتاب

Powered By

EGPV